00391nam a2200181Ia 4500003000400000005001700004006001900021007000300040008004100043024001000084037001200094040002000106041001300126082002000139100002400159245001700183260000900200OSt20220928144132.0a|||||r|||| 00| 0 ta220927b |||||||| |||| 00| 0 eng d a24444 cTextual aSDCLcSDCLbeng 2engaeng aO15,1J601,2, N9 aBhattatiri Narayana 0aNarayaniyam. c1999